000 00439nam a2200181Ia 4500
008 180921t2014 xxu||||| |||| 00| 0 sin d
041 _asin
080 _a8-31
_bALL
100 _aAllende, Isabel
245 _aමායාවාස
246 _aMayawasa
260 _bSanhida
_aNugegoda
_c2014
300 _a615p, 21cm
700 _aGamini Viyangoda
_etr.
942 _cBK
999 _c11815
_d11815
003 LK-CoDNM
040 _aLK-CoDNM
_dLK-CoDNM
_eLK-CoDNM